000 01095cam a2200265 4500
999 _c26680
_d26680
001 4561335
005 20170206093657.0
008 740123r19731922nyua 000 0 eng
010 _a 73080952
020 _a0486212335
050 0 0 _aNC248 .D38A44 1973
100 1 _aDegas, Edgar,
_d1834-1917.
245 1 0 _aDegas' drawings.
260 _aNew York,
_bDover,
_c[1973]
300 _aix, 92 p. (chiefly illus., part col.)
_c31 cm.
350 _a$3.50
500 _a"This Dover edition ... reproduces all the illustrations in the portfolio Les Dessins de Degas Reproduits en fac-simile, edited by Henri Rivière and published by Demotte, Paris, in the series Les Dessins des grands artistes français ... 1922 and 1923."
600 1 0 _aDegas, Edgar,
_d1834-1917.
856 4 2 _3Publisher description
_uhttp://www.loc.gov/catdir/description/dover032/73080952.html
942 _2lcc
_cBOOKS